Gas-turbine power generation /

Bibliographic Details
Main Author: Breeze, Paul (Author)
Corporate Author: ebrary, Inc
Format: eBook
Language:English
Published: London, UK : Academic Press is an imprint of Elsevier, [2016]
Series:Power generation series.
Subjects:
Online Access:Connect to the full text of this electronic book

MARC

Tag First Indicator Second Indicator Subfields
LEADER 00000cam a2200000Ii 4500
001 in00003615321
006 m o d
007 cr cnu|||unuuu
008 160229s2016 enk o 000 0 eng d
005 20250816212945.0
020 |a 9780128040553  |q electronic bk. 
020 |a 0128040556  |q electronic bk. 
020 |z 9780128040058  |q print 
024 8 |a 99968456663 
035 |a (NhCcYBP)ebr11163695 
040 |a NhCcYBP  |c NhCcYBP  |d UtOrBLW 
050 4 |a TK1076  |b .B74 2016 
072 7 |a TEC  |x 009070  |2 bisacsh 
082 0 4 |a 621.31/213  |2 23 
100 1 |a Breeze, Paul,  |e author.  |0 http://id.loc.gov/authorities/names/nb2010024700 
245 1 0 |a Gas-turbine power generation /  |c Paul Breeze. 
264 1 |a London, UK :  |b Academic Press is an imprint of Elsevier,  |c [2016] 
300 |a 1 online resource. 
336 |a text  |b txt  |2 rdacontent 
337 |a computer  |b c  |2 rdamedia 
338 |a online resource  |b cr  |2 rdacarrier 
490 1 |a The power generation series 
588 |a Description based on online resource; title from digital title page (viewed on March 18, 2016). 
500 |a Electronic resource. 
650 0 |a Gas-turbine power-plants.  |0 http://id.loc.gov/authorities/subjects/sh85053350 
655 7 |a Electronic books.  |2 local 
710 2 |a ebrary, Inc.  |0 http://id.loc.gov/authorities/names/no2007088509 
830 0 |a Power generation series.  |0 http://id.loc.gov/authorities/names/no2016100173 
856 4 1 |u https://ebookcentral.proquest.com/lib/tamucs/detail.action?docID=4425970  |y Connect to the full text of this electronic book  |t 0 
945 |a machinegen 
955 |a YBP purchased DDA e-records 
980 |b 89.91  |g 1 
987 |a ybp12875962 
999 f f |s d17afda3-2a1a-3b56-9c2c-52e0c412685c  |i d1cd19e3-7d8f-3d6d-a020-4e284e67179e  |t 0 
952 f f |a Texas A&M University  |b College Station  |c Electronic Resources  |d Available Online  |t 0  |e TK1076 .B74 2016  |h Library of Congress classification 
998 f f |a TK1076 .B74 2016  |t 0  |l Available Online